Comparison growing technique on mungban palnting in rainfed lowlan after harvesting wet season rice and uplaand,(ប្រៀបធៀបបច្ចេកទេសដំាដុះ លើការដំាដុះសណ្ដែកបាយ នៅតំបន់ទំនាបអាស្រ័យទឹកភ្លៀងក្រោយពេលច្រូតកាត់ស្រូវវស្សា និងទីទួល) (Record no. 1191)

000 -LEADER
fixed length control field 00779nam a22001337a 4500
040 ## - CATALOGING SOURCE
Transcribing agency RUA
082 ## - DEWEY DECIMAL CLASSIFICATION NUMBER
Classification number AGR SOU 2012 B052 Or.1
100 ## - MAIN ENTRY--AUTHOR NAME
Personal name SOUNG MAKARA
245 ## - TITLE STATEMENT
Title Comparison growing technique on mungban palnting in rainfed lowlan after harvesting wet season rice and uplaand,(ប្រៀបធៀបបច្ចេកទេសដំាដុះ លើការដំាដុះសណ្ដែកបាយ នៅតំបន់ទំនាបអាស្រ័យទឹកភ្លៀងក្រោយពេលច្រូតកាត់ស្រូវវស្សា និងទីទួល)
260 ## - PUBLICATION, DISTRIBUTION, ETC. (IMPRINT)
Place of publication phnom penh
Name of publisher RUA
Year of publication 2012
300 ## - PHYSICAL DESCRIPTION
Number of Pages x, 39p.
Dimensions ill.
856 ## - ELECTRONIC LOCATION AND ACCESS
Uniform Resource Identifier https://drive.google.com/file/d/12Lc7O2waJ2qig3tKMyaZJbYNLkqP-jIT/view?usp=sharing
942 ## - ADDED ENTRY ELEMENTS (KOHA)
Koha item type AGR
952 ## - LOCATION AND ITEM INFORMATION (KOHA)
Withdrawn status [LOCAL, KOHA] 0
952 ## - LOCATION AND ITEM INFORMATION (KOHA)
Withdrawn status [LOCAL, KOHA] 0
952 ## - LOCATION AND ITEM INFORMATION (KOHA)
Withdrawn status [LOCAL, KOHA] 0
952 ## - LOCATION AND ITEM INFORMATION (KOHA)
Withdrawn status [LOCAL, KOHA] 0
952 ## - LOCATION AND ITEM INFORMATION (KOHA)
Withdrawn status [LOCAL, KOHA] 0
952 ## - LOCATION AND ITEM INFORMATION (KOHA)
Withdrawn status [LOCAL, KOHA] 0
952 ## - LOCATION AND ITEM INFORMATION (KOHA)
Withdrawn status [LOCAL, KOHA] 0
Holdings
Permanent Location Date acquired Koha item type Lost status Shelving location Barcode Current Location Full call number
Library Block B2015-09-24AGR B052RUA004922Library Block BAGR SOU 2012 B052 Or.1
Library Block B2015-09-24AGR B052RUA005356Library Block BAGR SOU 2012 B052 Or.2
Library Block B2015-09-24AGR B052RUA001061Library Block BAGR SOU 2012 B052 Or.3
Library Block B2015-09-24AGR B052RUA000523Library Block BAGR SOU 2012 B052 Or.7
Library Block B2015-09-24AGR B052RUA000528Library Block BAGR SOU 2012 B052 Or.4
Library Block B2015-09-24AGR B052RUA000527Library Block BAGR SOU 2012 B052 Or.5
Library Block B2015-09-24AGR B052RUA000526Library Block BAGR SOU 2012 B052 Or.6
មជ្ឈមណ្ឌលឯការនៃសាកលវិទ្យាល័យភូមិន្ទកសិកម្មចំការដូង

Powered by Koha